Statistics for Fruits: No Vowels #2

Click here to take the quiz!

General Stats

  • This quiz has been taken 3,650 times
  • The average score is 12 of 20

Answer Stats

HintAnswer% Correct
BLCKBRRBlackberry
100%
CHRRCherry
97%
LMNLemon
95%
JCKFRTJackfruit
92%
PSSN FRTPassion Fruit
89%
PMGRNTEPomegranate
88%
CLMNTNClementine
84%
PPLApple
73%
PLNTNPlantain
64%
PRCTApricot
61%
CNTLPCantaloupe
61%
LCHLychee
58%
VCDAvocado
52%
QNCQuince
44%
BRDFRTBreadfruit
42%
PRNPrune
42%
DRNDurian
37%
LVOlive
32%
PPPapaya
25%
SRSPSoursop
9%

Score Distribution

Percentile by Number Answered

Percent of People with Each Score

Your Score History

You have not taken this quiz